000 00349nam a2200133Ia 4500
005 20260326100045.0
008 260326s9999||||xx |||||||||||||| ||und||
100 _aGiuria, Juan
245 0 _aLa Arquitectura en el ParAguay /
_cJuan Giuria
260 _bIntituto de Arte Americano
300 _a139 p.
650 _aARQUITECTURA REGIONAL
942 _cBK
999 _c7147
_d7147